Analysis of the Use of Reflectors and Reflective Surfaces for Increasing the Light Efficiency of LEDs Based on AlGaInP Heterostructures; Materials Science Forum; Vol. 942 : Modern Problems in Materials Processing, Manufacturing, Testing and Quality Assurance

Opis bibliograficzny
Parent link:Materials Science Forum: Scientific Journal
Vol. 942 : Modern Problems in Materials Processing, Manufacturing, Testing and Quality Assurance.— 2019.— [P. 77-86]
1. autor: Gradoboev A. V. Aleksandr Vasilyevich
Korporacja: Национальный исследовательский Томский политехнический университет Инженерная школа неразрушающего контроля и безопасности Отделение контроля и диагностики
Kolejni autorzy: Orlova K. N. Kseniya Nikolaevna, Simonova A. V. Anastasia Vladimirovna
Streszczenie:Title screen
The most common technological solution for increasing the light efficiency of the LEDs based upon AlGaInP heterostructures are discussed in the paper. The creation of LEDs with the inclusion of quantum wells and quantum dots in the active region, removing the original base and placing the LED on a new substrate, the replacement of the absorbent substrate by the reflective, using light-reflective surfaces such as Bragg reflectors or a mirror base (substrate), the list of new based materials for the LEDs based upon AlGaInP heterostructures as same as sapphire, glass, gallium phosphide, silicon and silicon carbide are presented. Therefore, new advanced methods of emission power are emerging.
Режим доступа: по договору с организацией-держателем ресурса
Język:angielski
Wydane: 2019
Hasła przedmiotowe:
Dostęp online:https://doi.org/10.4028/www.scientific.net/MSF.942.77
Format: MixedMaterials Elektroniczne Rozdział
KOHA link:https://koha.lib.tpu.ru/cgi-bin/koha/opac-detail.pl?biblionumber=661211

MARC

LEADER 00000naa2a2200000 4500
001 661211
005 20260209162946.0
035 |a (RuTPU)RU\TPU\network\31475 
090 |a 661211 
100 |a 20191125d2019 k||y0rusy50 ba 
101 0 |a eng 
102 |a CH 
135 |a drgn ---uucaa 
181 0 |a i  
182 0 |a b 
200 1 |a Analysis of the Use of Reflectors and Reflective Surfaces for Increasing the Light Efficiency of LEDs Based on AlGaInP Heterostructures  |f A. V. Gradoboev, K. N. Orlova, A. V. Simonova 
203 |a Text  |c electronic 
300 |a Title screen 
330 |a The most common technological solution for increasing the light efficiency of the LEDs based upon AlGaInP heterostructures are discussed in the paper. The creation of LEDs with the inclusion of quantum wells and quantum dots in the active region, removing the original base and placing the LED on a new substrate, the replacement of the absorbent substrate by the reflective, using light-reflective surfaces such as Bragg reflectors or a mirror base (substrate), the list of new based materials for the LEDs based upon AlGaInP heterostructures as same as sapphire, glass, gallium phosphide, silicon and silicon carbide are presented. Therefore, new advanced methods of emission power are emerging. 
333 |a Режим доступа: по договору с организацией-держателем ресурса 
461 1 |0 (RuTPU)RU\TPU\network\24092  |t Materials Science Forum  |o Scientific Journal 
463 1 |0 (RuTPU)RU\TPU\network\28876  |t Vol. 942 : Modern Problems in Materials Processing, Manufacturing, Testing and Quality Assurance  |o January 2019, Tomsk, Russia  |f National Research Tomsk Polytechnic University (TPU) ; ed. A. P. Surzhikov  |v [P. 77-86]  |d 2019 
610 1 |a электронный ресурс 
610 1 |a труды учёных ТПУ 
610 1 |a AlGaInP 
610 1 |a heterostructures 
610 1 |a light emitting diodes 
610 1 |a гетероструктуры 
610 1 |a светодиоды 
700 1 |a Gradoboev  |b A. V.  |c physicist  |c Professor of Yurga technological Institute of Tomsk Polytechnic University, Doctor of technical sciences  |f 1952-  |g Aleksandr Vasilyevich  |3 (RuTPU)RU\TPU\pers\34242  |9 17773 
701 1 |a Orlova  |b K. N.  |g Kseniya Nikolaevna 
701 1 |a Simonova  |b A. V.  |c Physicist  |c Assistant of the Department of Tomsk Polytechnic University  |f 1990-  |g Anastasia Vladimirovna  |3 (RuTPU)RU\TPU\pers\42263 
712 0 2 |a Национальный исследовательский Томский политехнический университет  |b Инженерная школа неразрушающего контроля и безопасности  |b Отделение контроля и диагностики  |3 (RuTPU)RU\TPU\col\23584 
801 2 |a RU  |b 63413507  |c 20191125  |g RCR 
856 4 |u https://doi.org/10.4028/www.scientific.net/MSF.942.77 
942 |c CF